000 04392cam a2200397 4500500
005 20251228045652.0
041 _afre
042 _adc
100 1 0 _aGbeasor-Komlanvi, Fifonsi A.
_eauthor
700 1 0 _aChokpon, Andoche C.
_eauthor
700 1 0 _aZida-Compaore, Wendpouiré Ida C.
_eauthor
700 1 0 _aSadio, Arnold
_eauthor
700 1 0 _aBali, Léleng G.
_eauthor
700 1 0 _aHounou-Adossi, Ayitévi F.E.
_eauthor
700 1 0 _aMensah, Ephrem
_eauthor
700 1 0 _aPatassi, Akouda
_eauthor
700 1 0 _aLepere, Philippe
_eauthor
700 1 0 _aEkouevi, Didier K.
_eauthor
245 0 0 _aAcceptabilité de l’utilisation de la téléphonie mobile dans la prise en charge du VIH au Togo
260 _c2020.
500 _a22
520 _aObjectif : Décrire l’acceptabilité de l’utilisation de la téléphonie mobile pour améliorer la prise en charge des personnes vivant avec le VIH (PVVIH) à Lomé au Togo. Méthode : Une étude transversale à visée descriptive et analytique a été réalisée du 5 janvier au 31 mars 2018 à Lomé. Les PVVIH ont été recrutées dans le Service de Maladies Infectieuses et Tropicales du CHU Sylvanus Olympio et à l’ONG Espoir Vie Togo. Un questionnaire administré en face-à-face a été utilisé pour le recueil des données sociodémographiques et cliniques, ainsi que sur l’accès au téléphone portable et l’acceptabilité de communication par téléphone portable avec un professionnel de santé. Résultats : Au total 259 PVVIH (79,6 % de femmes) ont été recrutées. L’âge moyen (± écart type) des PVVIH était de 43,7 ans (± 9,8) et la majorité (95,4 %) avait un téléphone portable. La quasi-totalité (98,1 %) des PVVIH ont déclaré que le téléphone portable était un moyen d’être en contact avec un professionnel de santé. Les appels téléphoniques (43 %), les messages écrits (SMS) (35,1 %), et les messages vocaux (20 %) étaient les principaux modes de communication souhaités avec le personnel de santé. Les facteurs associés à l’acceptabilité des SMS émis par le personnel de santé étaient l’âge inférieur à 44 ans et un niveau d’instruction supérieur ou égal au secondaire. Conclusion : Les PVVIH sont favorables à intégrer la technologie mobile dans la gestion des soins. La m-santé pourrait constituer une opportunité pour améliorer la prise en charge de l’infection à VIH au Togo.
520 _aObjective: To describe the acceptability and factors associated with the use of mobile telephones in the care of people living with HIV (PLHIV) in Lomé, Togo. Method: A cross-sectional study was conducted from January 5th to March 31st, 2018 in Lomé. PLHIV were recruited from the Department of Infectious and Tropical Diseases of the teaching hospital “CHU Sylvanus Olympio” and the NGO “Espoir Vie Togo”. Socio-demographic and clinical data, mobile phone possession and acceptability of communication with health professionals using a mobile phone were collected with a standardized questionnaire during a face-to-face interview. Results: A total of 259 PLHIV (79.6% women) were recruited. The mean age (± standard deviation) of PLHIV was 43.7 ± 9.8 years and the majority (95.4%) had a mobile phone. Almost all (98.1%) of respondents declared that mobile phone could be a means to maintain contact with a health professional. Phone calls (43.0%), text messages (SMS) (35.1%), and voice messages (20.0%) were the preferred means of communication with health professionals. Factors associated with the acceptability of receiving SMS from a health professional were age < 44 years and having at least a secondary level of education. Conclusion: PLHIV are receptive to the integration of mobile technology into the management of their condition. M-health could be an opportunity to improve the management of HIV infection in Togo.
690 _aacceptabilité
690 _aM-santé
690 _apersonne vivant avec le VIH
690 _atéléphonie mobile
690 _aTogo
690 _aacceptability
690 _aM-health
690 _amobile phone
690 _apeople living with HIV
690 _aTogo
786 0 _nSanté Publique | 32 | 2 | 2020-09-15 | p. 253-262 | 0995-3914
856 4 1 _uhttps://stm.cairn.info/revue-sante-publique-2020-2-page-253?lang=fr&redirect-ssocas=7080
999 _c1579059
_d1579059